[Event "DFMM der LV 2011"]
[Site "Braunfels"]
[Date "2011.06.16"]
[Round "1.1"]
[White "Dergatschova-Daus, Anna"]
[Black "Ankerst, Milka"]
[Result "1-0"]
[WhiteElo "2221"]
[BlackElo "2087"]
[PlyCount "119"]
[EventDate "2011.06.16"]
[EventType "team"]
[EventCountry "GER"]
[WhiteTeam "Nordrhein-Westfalen 1"]
[BlackTeam "Bayern"]

1. e4 c5 2. Nf3 Nc6 3. d4 cxd4 4. Nxd4 g6 5. Nxc6 bxc6 6. Qd4 Nf6 7. e5 Nd5 8.
e6 Nf6 9. exd7+ Qxd7 10. Be3 Bg7 11. Nc3 O-O 12. Qxd7 Bxd7 13. O-O-O Be6 14. f3
Nd5 15. Nxd5 cxd5 16. Bd4 Rac8 17. Bxg7 Kxg7 18. Ba6 Rc5 19. Kb1 Rb8 20. Rhe1
Bf5 21. Bd3 Kf6 22. Bxf5 gxf5 23. Rd4 Rcb5 24. b3 e6 25. Rh4 Kg6 26. g4 fxg4
27. Rxg4+ Kf6 28. Rh4 Rg8 29. Rxh7 Rg2 30. Rh4 Rc5 31. Rc1 Kg5 32. Ra4 a5 33.
h4+ Kf5 34. a3 e5 35. c4 d4 36. b4 axb4 37. axb4 Rc8 38. c5 Rf2 39. Ra3 e4 40.
fxe4+ Kxe4 41. c6 Rf5 42. Re1+ Kf4 43. Rf1+ Ke4 44. Rxf5 Kxf5 45. b5 Ke6 46.
Kc2 Kd5 47. Rb3 Kc5 48. Kd3 Kb6 49. Rb1 Rh8 50. Rc1 Kc7 51. b6+ Kxb6 52. c7 Rc8
53. h5 Kb7 54. h6 f5 55. Kxd4 f4 56. Ke4 Re8+ 57. Kxf4 Kc8 58. Kf5 Re2 59. Rc5
Rg2 60. h7 1-0

[Event "DFMM der LV 2011"]
[Site "Braunfels"]
[Date "2011.06.16"]
[Round "1.2"]
[White "Fishkin, Natalie"]
[Black "Engels, Natia"]
[Result "1-0"]
[WhiteElo "2065"]
[BlackElo "2191"]
[PlyCount "119"]
[EventDate "2011.06.16"]
[EventType "team"]
[EventCountry "GER"]
[WhiteTeam "Bayern"]
[BlackTeam "Nordrhein-Westfalen 1"]

1. e4 c5 2. Nf3 Nc6 3. d4 cxd4 4. Nxd4 g6 5. Be2 Bg7 6. Be3 Nf6 7. Nc3 d6 8.
O-O O-O 9. Qd2 Ng4 10. Bxg4 Bxg4 11. f4 Nxd4 12. Bxd4 e5 13. Be3 exf4 14. Rxf4
Be6 15. Rf2 Be5 16. Rd1 Qh4 17. g3 Qh3 18. Nb5 h5 19. Bf4 Bg4 20. Rdf1 Rad8 21.
Bh6 h4 22. gxh4 Be6 23. Bxf8 Rxf8 24. Nc7 Bc4 25. Re1 Qxh4 26. b3 Be6 27. Nxe6
fxe6 28. Rxf8+ Kxf8 29. Rf1+ Kg7 30. Qg2 g5 31. h3 Bf4 32. Qg4 Qxg4+ 33. hxg4
Kf6 34. Kf2 Ke5 35. Kf3 Kd4 36. Rh1 Kc3 37. Rh7 b5 38. Rf7 Bh2 39. Rxa7 Kxc2
40. Rb7 d5 41. exd5 exd5 42. Rd7 b4 43. Rxd5 Bf4 44. Rd4 Bd2 45. Ke4 Bc3 46.
Rd5 Kb2 47. Ra5 Bd2 48. Kd3 Kc1 49. Rb5 Kd1 50. Kc4 Ke2 51. Rxb4 Kf3 52. a4
Kxg4 53. a5 Kh3 54. a6 Be3 55. Kd5 g4 56. Rxg4 Kxg4 57. b4 Kf5 58. b5 Kf6 59.
Kc6 Ke6 60. b6 1-0

[Event "DFMM der LV 2011"]
[Site "Braunfels"]
[Date "2011.06.16"]
[Round "1.3"]
[White "Zhang, Fan"]
[Black "Dirmeier, Carolin"]
[Result "0-1"]
[WhiteElo "2088"]
[BlackElo "2035"]
[PlyCount "66"]
[EventDate "2011.06.16"]
[EventType "team"]
[EventCountry "GER"]
[WhiteTeam "Nordrhein-Westfalen 1"]
[BlackTeam "Bayern"]

1. d4 f5 2. Nc3 g6 3. e4 fxe4 4. Nxe4 d5 5. Ng5 Bg7 6. c3 Nf6 7. Bd3 Nc6 8. Bf4
O-O 9. Qd2 Nh5 10. Ne2 e5 11. dxe5 Nxf4 12. h4 Nxd3+ 13. Qxd3 Nxe5 14. Qg3 Bf5
15. O-O-O c5 16. Nf4 Qa5 17. Nfe6 Rfe8 18. Nxg7 Kxg7 19. Rxd5 Qxa2 20. Rxe5
Qb1+ 21. Kd2 Rad8+ 22. Ke3 Qd3+ 23. Kf4 Qc4+ 24. Kf3 Rd3+ 25. Re3 Qd5+ 26. Ke2
Rexe3+ 27. fxe3 Rd2+ 28. Kf1 Rd1+ 29. Kf2 Rxh1 30. Qc7+ Bd7 31. e4 Qd2+ 32. Kf3
Rf1+ 33. Kg3 Qe1+ 0-1

[Event "DFMM der LV 2011"]
[Site "Braunfels"]
[Date "2011.06.16"]
[Round "1.4"]
[White "Niedermaier, Barbara"]
[Black "Leveikina, Jevgenija"]
[Result "1/2-1/2"]
[WhiteElo "1982"]
[BlackElo "2100"]
[PlyCount "20"]
[EventDate "2011.06.16"]
[EventType "team"]
[EventCountry "GER"]
[WhiteTeam "Bayern"]
[BlackTeam "Nordrhein-Westfalen 1"]

1. c4 c5 2. Nf3 Nf6 3. Nc3 Nc6 4. g3 g6 5. Bg2 Bg7 6. O-O O-O 7. d3 d6 8. Bd2
Bd7 9. e3 a6 10. a3 Rb8 1/2-1/2

[Event "DFMM der LV 2011"]
[Site "Braunfels"]
[Date "2011.06.16"]
[Round "1.5"]
[White "Vogel, Heike"]
[Black "Birkholz, Mary"]
[Result "1-0"]
[WhiteElo "2122"]
[BlackElo "1945"]
[PlyCount "59"]
[EventDate "2011.06.16"]
[EventType "team"]
[EventCountry "GER"]
[WhiteTeam "Nordrhein-Westfalen 1"]
[BlackTeam "Bayern"]

1. d4 d5 2. Nf3 Nc6 3. Bf4 Nf6 4. Nbd2 e6 5. e3 Be7 6. c3 a6 7. Bd3 h6 8. Qe2
b5 9. h4 Bd6 10. Ne5 Bxe5 11. dxe5 Nd7 12. Qh5 Ne7 13. Rh3 g6 14. Qg4 Nc5 15.
Bc2 Nf5 16. e4 dxe4 17. Nxe4 Nd7 18. O-O-O Qe7 19. Rhd3 Kf8 20. Nf6 Nxf6 21.
exf6 Qxf6 22. Qf3 Rb8 23. Rd8+ Kg7 24. Rxh8 Kxh8 25. Bxc7 Rb7 26. Rd8+ Qxd8 27.
Bxd8 Rd7 28. Bf6+ Kh7 29. Bxf5 exf5 30. Qc6 1-0

[Event "DFMM der LV 2011"]
[Site "Braunfels"]
[Date "2011.06.16"]
[Round "1.6"]
[White "Zwetz, Anita"]
[Black "Sokalska, Viktorija"]
[Result "1/2-1/2"]
[WhiteElo "1868"]
[BlackElo "2018"]
[PlyCount "82"]
[EventDate "2011.06.16"]
[EventType "team"]
[EventCountry "GER"]
[WhiteTeam "Bayern"]
[BlackTeam "Nordrhein-Westfalen 1"]

1. d4 Nf6 2. Bg5 Ne4 3. Bf4 d5 4. Nd2 Bf5 5. Ngf3 Nd7 6. e3 g6 7. Nxe4 Bxe4 8.
Ng5 Nf6 9. Nxe4 Nxe4 10. Bd3 Bg7 11. Qf3 f5 12. Qh3 c6 13. O-O Qd7 14. c4 e6
15. Rac1 h6 16. Bxe4 fxe4 17. Qg4 O-O-O 18. Qxg6 h5 19. h4 Rdg8 20. cxd5 exd5
21. Qd6 Qxd6 22. Bxd6 Bf6 23. f3 Bxh4 24. fxe4 Rg6 25. Be5 Rhg8 26. Rc2 Bg5 27.
exd5 Bxe3+ 28. Kh1 Rg4 29. dxc6 Rh4+ 30. Bh2 Bxd4 31. cxb7+ Kxb7 32. Rf3 Re8
33. g3 Re1+ 34. Kg2 Rhe4 35. Rf7+ Kb6 36. Kh3 Be5 37. Rg2 Bd4 38. Rh7 Re5 39.
Rd2 Bc5 40. Rh6+ Kb5 41. Rh7 Bb6 1/2-1/2

[Event "DFMM der LV 2011"]
[Site "Braunfels"]
[Date "2011.06.16"]
[Round "1.7"]
[White "Hund, Isabel"]
[Black "Lorenz, Oda"]
[Result "1-0"]
[WhiteElo "2069"]
[BlackElo "1873"]
[PlyCount "59"]
[EventDate "2011.06.16"]
[EventType "team"]
[EventCountry "GER"]
[WhiteTeam "Nordrhein-Westfalen 1"]
[BlackTeam "Bayern"]

1. e4 e5 2. Nf3 Nc6 3. Bc4 Nf6 4. d3 Bc5 5. Nbd2 d6 6. c3 O-O 7. Bb3 Be6 8. O-O
a6 9. Re1 Ng4 10. Re2 Ne7 11. h3 Nf6 12. Bxe6 fxe6 13. Qb3 Ng6 14. Qxe6+ Kh8
15. Nb3 Nf4 16. Bxf4 exf4 17. Nxc5 dxc5 18. Qc4 b6 19. d4 cxd4 20. cxd4 a5 21.
Rd1 Qe7 22. e5 Ng8 23. d5 Rae8 24. d6 cxd6 25. Rxd6 Rc8 26. Qd3 Rc1+ 27. Kh2
Qc7 28. Ng5 g6 29. Ne6 Qf7 30. Nxf8 1-0

[Event "DFMM der LV 2011"]
[Site "Braunfels"]
[Date "2011.06.16"]
[Round "1.8"]
[White "Metzner, Anita"]
[Black "Reiter, Brigitte"]
[Result "1/2-1/2"]
[WhiteElo "1516"]
[BlackElo "1863"]
[PlyCount "90"]
[EventDate "2011.06.16"]
[EventType "team"]
[EventCountry "GER"]
[WhiteTeam "Bayern"]
[BlackTeam "Nordrhein-Westfalen 1"]

1. Nf3 c6 2. g3 d5 3. d4 Nf6 4. Bg2 Bg4 5. h3 Bh5 6. g4 Bg6 7. Ne5 Be4 8. f3
Bg6 9. Nxg6 hxg6 10. e4 dxe4 11. fxe4 e6 12. Qd3 Nxg4 13. Qg3 Nf6 14. c3 Be7
15. Qf3 Nbd7 16. Nd2 Nh5 17. Nc4 Bh4+ 18. Kd1 Qe7 19. e5 O-O 20. Be3 Ng3 21.
Rg1 Nf5 22. Bd2 Rad8 23. Kc2 Nb8 24. Qg4 c5 25. dxc5 Bf2 26. Rgd1 Qxc5 27. Bxb7
Nd7 28. Qe4 Nb6 29. Nd6 Nxd6 30. exd6 Rxd6 31. Bf4 Rxd1 32. Rxd1 Qf5 33. Qxf5
gxf5 34. Rf1 Bc5 35. Rd1 Be7 36. Be5 Nc4 37. Bd4 Rb8 38. Ba6 Nb6 39. Rg1 f6 40.
h4 Kf7 41. h5 Rh8 42. Rh1 Bd6 43. c4 Bb8 44. c5 Nd5 45. Be2 Rc8 1/2-1/2

[Event "DFMM der LV 2011"]
[Site "Braunfels"]
[Date "2011.06.16"]
[Round "1.1"]
[White "Stroessner, Lena"]
[Black "Zilberman, Polina"]
[Result "1/2-1/2"]
[WhiteElo "1980"]
[BlackElo "2145"]
[PlyCount "44"]
[EventDate "2011.06.16"]
[EventType "team"]
[EventCountry "GER"]
[WhiteTeam "Nordrhein-Westfalen 2"]
[BlackTeam "Baden"]

1. Nf3 d5 2. d4 Nf6 3. g3 Bf5 4. Bg2 e6 5. O-O h6 6. c4 c6 7. Nc3 Be7 8. cxd5
exd5 9. Re1 O-O 10. Nd2 Nbd7 11. e4 dxe4 12. Ndxe4 Nxe4 13. Nxe4 Nf6 14. Nc3
Rc8 15. Bf4 Bd6 16. Be5 Ng4 17. Qb3 Qc7 18. Bxd6 Qxd6 19. h3 Nf6 20. d5 cxd5
21. Qxb7 Rb8 22. Qxa7 d4 1/2-1/2

[Event "DFMM der LV 2011"]
[Site "Braunfels"]
[Date "2011.06.16"]
[Round "1.2"]
[White "Vidonyak, Nellya"]
[Black "Samorukova, Jana"]
[Result "1/2-1/2"]
[WhiteElo "2166"]
[BlackElo "1830"]
[PlyCount "56"]
[EventDate "2011.06.16"]
[EventType "team"]
[EventCountry "GER"]
[WhiteTeam "Baden"]
[BlackTeam "Nordrhein-Westfalen 2"]

1. d4 d5 2. Nf3 c6 3. Bf4 Qb6 4. Qc1 Bg4 5. Nbd2 Nf6 6. e3 e6 7. Bd3 Nh5 8. Be5
Nd7 9. O-O Be7 10. h3 Bxf3 11. Nxf3 O-O 12. Bh2 c5 13. c3 Nhf6 14. Re1 Rac8 15.
Ne5 Rfd8 16. Bc2 Bd6 17. Qd2 Qc7 18. Nf3 b5 19. Bxd6 Qxd6 20. Qe2 Qc6 21. Rad1
h6 22. Bb1 a5 23. dxc5 Qxc5 24. Nd4 b4 25. cxb4 Qxb4 26. Rc1 Qb6 27. Bd3 Nc5
28. Bb5 Rc7 1/2-1/2

[Event "DFMM der LV 2011"]
[Site "Braunfels"]
[Date "2011.06.16"]
[Round "1.3"]
[White "Drose, Daniela"]
[Black "Juszczak, Anna"]
[Result "1-0"]
[WhiteElo "1961"]
[BlackElo "2025"]
[PlyCount "119"]
[EventDate "2011.06.16"]
[EventType "team"]
[EventCountry "GER"]
[WhiteTeam "Nordrhein-Westfalen 2"]
[BlackTeam "Baden"]

1. c4 e6 2. Nc3 Nf6 3. g3 d5 4. d4 c6 5. Bg2 Bd6 6. Nf3 Nbd7 7. O-O O-O 8. e4
Nxe4 9. Nxe4 dxe4 10. Ng5 Nf6 11. Nxe4 Nxe4 12. Bxe4 Qf6 13. f4 c5 14. Be3 Rd8
15. Qh5 cxd4 16. Qxh7+ Kf8 17. Bd2 Rb8 18. Rae1 g6 19. Qh6+ Kg8 20. f5 Bf8 21.
Bg5 Bxh6 22. Bxf6 exf5 23. Bxd8 fxe4 24. Bc7 Ra8 25. Rxe4 Be3+ 26. Kg2 Bf5 27.
Re7 Bg5 28. Re5 d3 29. Rd1 Rc8 30. Ba5 Rxc4 31. Re8+ Kg7 32. Bc3+ Bf6 33. Bxf6+
Kxf6 34. Rd2 Rd4 35. Kf2 Be6 36. Ke3 Rb4 37. a3 Rb3 38. Rd8 Bc4 39. Rd4 Ba6 40.
Rd7 Rb6 41. Rf2+ Ke5 42. Rdxf7 Bc4 43. Rc7 Kd5 44. Rd7+ Ke5 45. b4 Ra6 46. Rc7
Kd5 47. Rc5+ Ke6 48. Rxc4 Rxa3 49. Re4+ Kd6 50. Rf6+ Kd5 51. Rd4+ Ke5 52. Rfd6
d2+ 53. Kxd2 Kf5 54. Rf4+ Kg5 55. h4+ Kh6 56. Rg4 a5 57. Rdxg6+ Kh7 58. Rg7+
Kh6 59. Rxb7 axb4 60. Rbxb4 1-0

[Event "DFMM der LV 2011"]
[Site "Braunfels"]
[Date "2011.06.16"]
[Round "1.4"]
[White "Schneider, Birgit"]
[Black "Kaplun, Viktoria"]
[Result "1-0"]
[WhiteElo "2033"]
[BlackElo "1856"]
[PlyCount "127"]
[EventDate "2011.06.16"]
[EventType "team"]
[EventCountry "GER"]
[WhiteTeam "Baden"]
[BlackTeam "Nordrhein-Westfalen 2"]

1. e4 c5 2. c3 e6 3. d4 a6 4. Nf3 Qc7 5. Bd3 Nf6 6. O-O Be7 7. Bg5 d6 8. Nbd2
O-O 9. Rc1 Nc6 10. Qe2 b6 11. e5 dxe5 12. dxe5 Nd7 13. Qe4 g6 14. Qh4 Ndxe5 15.
Be4 Nxf3+ 16. Nxf3 f6 17. Bf4 Bd6 18. Bxd6 Qxd6 19. Rcd1 Qc7 20. Rd2 Bb7 21.
Rfd1 Rad8 22. Qh3 Qe7 23. Qg3 Rxd2 24. Rxd2 Rd8 25. Rxd8+ Qxd8 26. h4 f5 27.
Bc2 Kg7 28. Bb3 Qe7 29. h5 Na5 30. Qe5+ Kh6 31. hxg6 Nxb3 32. gxh7 Kxh7 33.
Qh2+ Kg8 34. axb3 Bxf3 35. gxf3 Qg5+ 36. Qg3 Qg7 37. Kf1 Qxg3 38. fxg3 Kg7 39.
Kf2 Kf6 40. Ke3 Ke5 41. Kd3 Kd5 42. Ke3 Ke5 43. Kd3 b5 44. Ke3 Kf6 45. Kd3 Kg5
46. Ke3 f4+ 47. gxf4+ Kf5 48. Ke2 Kxf4 49. Kf2 a5 50. Ke2 b4 51. c4 e5 52. Kf2
e4 53. fxe4 Kxe4 54. Ke2 Kd4 55. Kd2 Ke4 56. Ke2 Kf4 57. Kf2 Ke4 58. Ke2 Kd4
59. Kd2 a4 60. bxa4 Kxc4 61. b3+ Kd5 62. Kd3 Kc6 63. Kc4 Kb6 64. Kd5 1-0

[Event "DFMM der LV 2011"]
[Site "Braunfels"]
[Date "2011.06.16"]
[Round "1.5"]
[White "Kaehmann, Lisa"]
[Black "Vollstaedt-Klein, Sabine"]
[Result "0-1"]
[WhiteElo "1652"]
[BlackElo "1898"]
[PlyCount "124"]
[EventDate "2011.06.16"]
[EventType "team"]
[EventCountry "GER"]
[WhiteTeam "Nordrhein-Westfalen 2"]
[BlackTeam "Baden"]

1. e4 e5 2. Nf3 Nc6 3. Bc4 Bc5 4. Nc3 Nf6 5. O-O d6 6. d3 Bg4 7. Bg5 Nd4 8. Nd5
Nxf3+ 9. gxf3 Bh3 10. Re1 h6 11. Bh4 g5 12. Bg3 h5 13. Qd2 Nd7 14. b4 Bb6 15.
f4 gxf4 16. Bxf4 exf4 17. Qxf4 Rg8+ 18. Kh1 Bg2+ 19. Kg1 Qg5 20. Qg3 h4 21.
Qxg5 Rxg5 22. Ne3 Bxe3 23. Rxe3 Ne5 24. f4 Nxc4 25. dxc4 Rg7 26. Kf2 h3 27. e5
O-O-O 28. e6 fxe6 29. Rxe6 Rf8 30. Ke3 Rgf7 31. Re1 Kd7 32. Kd3 Rxf4 33. Re7+
Kd8 34. Kc3 Bf1 35. c5 dxc5 36. bxc5 Rc4+ 37. Kb2 Rxc5 38. Rh7 Bg2 39. Rd1+ Kc8
40. Re1 Rcf5 41. Ree7 Rc5 42. Re2 b6 43. Rd2 Rd8 44. Re2 Kb7 45. Rg7 Rd4 46.
Rg3 Rb4+ 47. Kc1 Rbc4 48. Kb2 a5 49. a3 Rf5 50. Rg8 Bf1 51. Rd2 Rf3 52. Rg1 a4
53. Rh1 Bg2 54. Re1 b5 55. Re5 Kb6 56. Re6+ c6 57. Re1 Rcc3 58. Ra1 Rce3 59.
Rd8 Rf1 60. Rxf1 Bxf1 61. Rd2 Re2 62. Rxe2 Bxe2 0-1

[Event "DFMM der LV 2011"]
[Site "Braunfels"]
[Date "2011.06.16"]
[Round "1.6"]
[White "Kohm, Vanessa"]
[Black "Roitburd, Swetlana"]
[Result "1-0"]
[WhiteElo "1782"]
[BlackElo "1647"]
[PlyCount "47"]
[EventDate "2011.06.16"]
[EventType "team"]
[EventCountry "GER"]
[WhiteTeam "Baden"]
[BlackTeam "Nordrhein-Westfalen 2"]

1. d4 d5 2. c4 c6 3. Nf3 Nf6 4. Nc3 e6 5. Bg5 Nbd7 6. e3 Be7 7. cxd5 Nxd5 8.
Bxe7 Qxe7 9. Be2 O-O 10. O-O b6 11. Rc1 Bb7 12. Qd2 Rfd8 13. Nxd5 cxd5 14. Rc7
Bc8 15. Rfc1 Qd6 16. R1c6 Qf8 17. Qc2 h6 18. Qa4 a6 19. Rc1 b5 20. Qa5 f6 21.
Bxb5 Nb8 22. Ba4 Bd7 23. Bxd7 Rxd7 24. Rc8 1-0

[Event "DFMM der LV 2011"]
[Site "Braunfels"]
[Date "2011.06.16"]
[Round "1.7"]
[White "Koenig, Daniela"]
[Black "Braun, Viktoria"]
[Result "1/2-1/2"]
[WhiteElo "1608"]
[BlackElo "1583"]
[PlyCount "65"]
[EventDate "2011.06.16"]
[EventType "team"]
[EventCountry "GER"]
[WhiteTeam "Nordrhein-Westfalen 2"]
[BlackTeam "Baden"]

1. e4 e5 2. Nf3 Nc6 3. d4 exd4 4. Nxd4 Bc5 5. Be3 Qf6 6. c3 Nge7 7. Bc4 O-O 8.
O-O Bb6 9. b4 Ng6 10. a4 a5 11. Nxc6 dxc6 12. Bxb6 cxb6 13. b5 cxb5 14. Bxb5
Rd8 15. Qc2 Bd7 16. Na3 Rac8 17. Rac1 Bxb5 18. Nxb5 Rd7 19. Rfd1 Rcd8 20. Rxd7
Rxd7 21. Rd1 Qc6 22. Rxd7 Qxd7 23. Kf1 Nf4 24. h3 Ne6 25. Ke2 Nc5 26. f3 Qe6
27. c4 Kf8 28. Kf2 Ke7 29. Nc3 f6 30. Nd5+ Kf7 31. g4 Qc6 32. Nc3 Qd6 33. Ke3
1/2-1/2

[Event "DFMM der LV 2011"]
[Site "Braunfels"]
[Date "2011.06.16"]
[Round "1.8"]
[White "Zilberman, Alexandra"]
[Black "Weber, Daniela"]
[Result "1/2-1/2"]
[WhiteElo "1186"]
[BlackElo "1368"]
[PlyCount "72"]
[EventDate "2011.06.16"]
[EventType "team"]
[EventCountry "GER"]
[WhiteTeam "Baden"]
[BlackTeam "Nordrhein-Westfalen 2"]

1. e4 e5 2. Nf3 Nc6 3. Bc4 Bc5 4. c3 Nf6 5. d4 exd4 6. cxd4 Bb4+ 7. Bd2 Nxe4 8.
Bxb4 Nxb4 9. Qb3 Qe7 10. O-O O-O 11. Re1 d5 12. Bxd5 Nxd5 13. Qxd5 Nf6 14. Qc4
Be6 15. d5 Bxd5 16. Rxe7 Bxc4 17. Rxc7 Bd5 18. Nd4 Rac8 19. Rxc8 Rxc8 20. Nc3
a6 21. Nf5 Kf8 22. Re1 Be6 23. Nd4 Rd8 24. Nxe6+ fxe6 25. Rxe6 Kf7 26. Rb6 Ne4
27. Rxb7+ Kf8 28. f3 Nxc3 29. bxc3 Rd1+ 30. Kf2 Rd2+ 31. Ke3 Rxg2 32. Rb8+ Kf7
33. Rb7+ Kf8 34. Rb8+ Kf7 35. Rb7+ Kf8 36. Rb8+ Kf7 1/2-1/2

[Event "DFMM der LV 2011"]
[Site "Braunfels"]
[Date "2011.06.16"]
[Round "1.1"]
[White "Stenzel, Monika"]
[Black "Glaser, Andrea"]
[Result "0-1"]
[WhiteElo "799"]
[BlackElo "1981"]
[PlyCount "34"]
[EventDate "2011.06.16"]
[EventType "team"]
[EventCountry "GER"]
[WhiteTeam "Saarland"]
[BlackTeam "Sachsen-Anhalt"]

1. d4 Nf6 2. f3 d5 3. Be3 g6 4. Nc3 Bg7 5. h3 Nbd7 6. b4 c6 7. Bf2 O-O 8. Bg3
Nh5 9. Bh2 Qb6 10. e3 Qxb4 11. Qd2 e5 12. Bd3 exd4 13. e4 dxc3 14. Qd1 Re8 15.
a3 Qe7 16. Ne2 Qh4+ 17. Bg3 Nxg3 0-1

[Event "DFMM der LV 2011"]
[Site "Braunfels"]
[Date "2011.06.16"]
[Round "1.2"]
[White "Pflug, Tanja"]
[Black "Mueller, Elke"]
[Result "1/2-1/2"]
[WhiteElo "2044"]
[BlackElo "1970"]
[PlyCount "81"]
[EventDate "2011.06.16"]
[EventType "team"]
[EventCountry "GER"]
[WhiteTeam "Sachsen-Anhalt"]
[BlackTeam "Saarland"]

1. f4 g6 2. Nf3 Bg7 3. g3 d6 4. d4 Nf6 5. Bg2 O-O 6. O-O Nbd7 7. Nc3 c5 8. Kh1
Rb8 9. a4 a6 10. e4 cxd4 11. Nxd4 Nc5 12. b4 Ncd7 13. Be3 Qc7 14. Qd3 Ng4 15.
Nd5 Qd8 16. Rad1 Nxe3 17. Nxe3 Qb6 18. Nd5 Qd8 19. c4 Nb6 20. a5 Nxd5 21. exd5
Bg4 22. Bf3 Bh3 23. Rfe1 h5 24. Nb3 b6 25. axb6 Qxb6 26. Rxe7 Qxb4 27. Nd4 Bxd4
28. Qxd4 Rbc8 29. Qf6 Qxc4 30. Qxd6 Qc3 31. Be2 a5 32. Qa6 Ra8 33. Qd3 Qf6 34.
d6 a4 35. Re5 a3 36. Bf3 Ra7 37. Qd4 Rd7 38. Bc6 Rdd8 39. Qd3 a2 40. Ra5 Qb2
41. Qd5 1/2-1/2

[Event "DFMM der LV 2011"]
[Site "Braunfels"]
[Date "2011.06.16"]
[Round "1.3"]
[White "Noll, Sonja"]
[Black "Woelfer, Wiebke"]
[Result "0-1"]
[WhiteElo "1869"]
[BlackElo "1767"]
[PlyCount "84"]
[EventDate "2011.06.16"]
[EventType "team"]
[EventCountry "GER"]
[WhiteTeam "Saarland"]
[BlackTeam "Sachsen-Anhalt"]

1. Nf3 d5 2. Nc3 Nf6 3. e4 Nxe4 4. Nxe4 dxe4 5. Ng5 Qd5 6. d3 exd3 7. Qxd3 Qxd3
8. Bxd3 h6 9. Nh7 Nd7 10. Nxf8 Kxf8 11. Bf4 e5 12. Bg3 g6 13. f4 exf4 14. Bxf4
Nc5 15. Bc4 Bf5 16. O-O Ne6 17. Be5 Rh7 18. Rae1 Re8 19. Bb5 c6 20. Ba4 Kg8 21.
Bf6 Nc7 22. Re5 Rxe5 23. Bxe5 Nd5 24. c4 Nb6 25. Rd1 f6 26. Bb3 fxe5 27. Rd8+
Kf7 28. Rb8 Kf6 29. c5 Nd5 30. Kf2 e4 31. h3 h5 32. h4 Re7 33. Bxd5 cxd5 34.
Ke3 Ke5 35. Rd8 Bd7 36. Rg8 d4+ 37. Kd2 e3+ 38. Ke1 d3 39. Rxg6 d2+ 40. Ke2
Bg4+ 41. Kxe3 d1=Q 42. Rg5+ Kf6+ 0-1

[Event "DFMM der LV 2011"]
[Site "Braunfels"]
[Date "2011.06.16"]
[Round "1.4"]
[White "Hartung, Katja"]
[Black "Thewes, Marion"]
[Result "1-0"]
[WhiteElo "1933"]
[BlackElo "1511"]
[PlyCount "77"]
[EventDate "2011.06.16"]
[EventType "team"]
[EventCountry "GER"]
[WhiteTeam "Sachsen-Anhalt"]
[BlackTeam "Saarland"]

1. e4 e6 2. d4 d5 3. Nd2 c5 4. exd5 cxd4 5. Bb5+ Bd7 6. dxe6 Qe7 7. Qe2 Bxb5 8.
Qxb5+ Nc6 9. Ne2 a6 10. exf7+ Qxf7 11. Qb3 Qxb3 12. Nxb3 Rd8 13. O-O Nf6 14.
Nf4 Kf7 15. Nd3 Nd5 16. a3 g6 17. Bg5 Be7 18. Bxe7 Ndxe7 19. Rfe1 Nf5 20. Nbc5
Nd6 21. b3 Rhe8 22. Kf1 a5 23. Rad1 b6 24. Rxe8 Rxe8 25. Nd7 Nc8 26. Re1 Rxe1+
27. Kxe1 Ke7 28. N3e5 Nxe5 29. Nxe5 Nd6 30. Nc6+ Ke6 31. Nxd4+ Kd5 32. Ne2 Ne4
33. f3 Nc5 34. Kd2 Na6 35. Ke3 g5 36. Nc3+ Ke5 37. g3 Nc5 38. Ne4 Ne6 39. Nxg5
1-0

[Event "DFMM der LV 2011"]
[Site "Braunfels"]
[Date "2011.06.16"]
[Round "1.5"]
[White "Ramm, Madlen"]
[Black "Weiss, Katharina"]
[Result "1-0"]
[WhiteElo "1512"]
[BlackElo "1764"]
[PlyCount "69"]
[EventDate "2011.06.16"]
[EventType "team"]
[EventCountry "GER"]
[WhiteTeam "Saarland"]
[BlackTeam "Sachsen-Anhalt"]

1. e4 c5 2. Nc3 Nc6 3. f4 d6 4. Bb5 Bd7 5. Bxc6 Bxc6 6. Nf3 e6 7. O-O Ne7 8. d3
g6 9. Qe1 Bg7 10. Bd2 O-O 11. Qh4 d5 12. Rae1 d4 13. Nd1 f6 14. Qh3 Qd7 15. Nf2
b5 16. g4 f5 17. exf5 exf5 18. Ng5 h6 19. Ne6 Rf7 20. Nxc5 Qd5 21. Nb3 fxg4 22.
Qxg4 h5 23. Qh3 Bh6 24. Ne4 Raf8 25. Qg3 Nf5 26. Qf2 g5 27. Bb4 Ne3 28. Bxf8
Rxf4 29. Qxf4 gxf4 30. Nf6+ Kxf8 31. Nxd5 Nxf1 32. Kxf1 Bxd5 33. Nxd4 b4 34. b3
Kf7 35. Re5 1-0

[Event "DFMM der LV 2011"]
[Site "Braunfels"]
[Date "2011.06.16"]
[Round "1.6"]
[White "Schwebbach, Angelika"]
[Black "Weinmann, Helene"]
[Result "1-0"]
[WhiteElo "1855"]
[BlackElo "1431"]
[PlyCount "97"]
[EventDate "2011.06.16"]
[EventType "team"]
[EventCountry "GER"]
[WhiteTeam "Sachsen-Anhalt"]
[BlackTeam "Saarland"]

1. e4 e5 2. Nf3 Nc6 3. d4 exd4 4. Bc4 Be7 5. c3 d6 6. cxd4 Nf6 7. Nc3 O-O 8.
O-O Bg4 9. Be3 a6 10. Rc1 Rb8 11. Bd3 Bh5 12. h3 Bg6 13. Re1 h6 14. a3 Nh7 15.
Nd5 Qd7 16. b4 Rbc8 17. Bf4 Bd8 18. Bg3 Ng5 19. Nxg5 Bxg5 20. f4 Bd8 21. Bc4
Ne7 22. f5 Bh7 23. Nf4 Nc6 24. Nd5 Bg5 25. Qg4 Qd8 26. Rcd1 Kh8 27. Nc3 Ne7 28.
Bd3 Bf6 29. Bf2 Bg5 30. Bc2 Ng8 31. e5 Qd7 32. Ne2 d5 33. Ng3 c6 34. Re2 Rce8
35. Rde1 Qc8 36. h4 Qd8 37. hxg5 Qxg5 38. Qxg5 hxg5 39. Be3 f6 40. Bd2 Rc8 41.
Kf2 Nh6 42. Kf3 fxe5 43. Rxe5 g4+ 44. Kf2 Nf7 45. Re6 Kg8 46. Bf4 g5 47. fxg6
Ng5 48. gxh7+ Nxh7 49. Bxh7+ 1-0

[Event "DFMM der LV 2011"]
[Site "Braunfels"]
[Date "2011.06.16"]
[Round "1.7"]
[White "Metzler, Janett"]
[Black "Domaske, Susann"]
[Result "0-1"]
[WhiteElo "1079"]
[BlackElo "1626"]
[PlyCount "58"]
[EventDate "2011.06.16"]
[EventType "team"]
[EventCountry "GER"]
[WhiteTeam "Saarland"]
[BlackTeam "Sachsen-Anhalt"]

1. e4 e5 2. Nf3 Nc6 3. Nc3 Bc5 4. Bc4 d6 5. h3 Nf6 6. d3 h6 7. O-O a6 8. Be3
Ba7 9. Nd5 Na5 10. b3 Nxd5 11. Bxd5 c6 12. Bc4 b5 13. Bxf7+ Kxf7 14. d4 exd4
15. Nxd4 Rf8 16. Qh5+ Kg8 17. b4 Bxd4 18. Bxd4 Nc4 19. Qg6 Qg5 20. Qxg5 hxg5
21. Rad1 g4 22. h4 Be6 23. Bc3 Rf4 24. Rd4 Raf8 25. Bd2 Nxd2 26. Rxd2 g3 27. f3
Rxh4 28. Rxd6 Rf6 29. Rxc6 Rfh6 0-1

[Event "DFMM der LV 2011"]
[Site "Braunfels"]
[Date "2011.06.16"]
[Round "1.8"]
[White "Becker, Franziska"]
[Black "Tinnes, Marie-Christine"]
[Result "1/2-1/2"]
[WhiteElo "1529"]
[BlackElo "1094"]
[PlyCount "76"]
[EventDate "2011.06.16"]
[EventType "team"]
[EventCountry "GER"]
[WhiteTeam "Sachsen-Anhalt"]
[BlackTeam "Saarland"]

1. b3 c6 2. Bb2 d5 3. e3 Bf5 4. Nf3 Nd7 5. d4 e6 6. Nbd2 Ngf6 7. c4 Be7 8. Be2
Qc7 9. O-O O-O 10. h3 c5 11. Rc1 Qd8 12. Nh4 Be4 13. f3 Bg6 14. Qe1 Bd6 15.
Nxg6 fxg6 16. e4 dxe4 17. fxe4 e5 18. d5 b6 19. Bd3 Qe7 20. Nf3 Nh5 21. g3 Rf7
22. Kh2 Raf8 23. Qe3 h6 24. Be2 g5 25. Rg1 Ndf6 26. Nxg5 hxg5 27. Qxg5 Nxe4 28.
Qxe7 Bxe7 29. Bxh5 Rf2+ 30. Rg2 Rxg2+ 31. Kxg2 Rf2+ 32. Kg1 Rxb2 33. Re1 Nxg3
34. Rxe5 Nxh5 35. Rxe7 Rb1+ 36. Kf2 Rb2+ 37. Kf3 Rxa2 38. Ke3 Rh2 1/2-1/2

[Event "DFMM der LV 2011"]
[Site "Braunfels"]
[Date "2011.06.17"]
[Round "2.1"]
[White "Zilberman, Polina"]
[Black "Dergatschova-Daus, Anna"]
[Result "1/2-1/2"]
[WhiteElo "2145"]
[BlackElo "2221"]
[PlyCount "22"]
[EventDate "2011.06.16"]
[EventType "team"]
[EventCountry "GER"]
[WhiteTeam "Baden"]
[BlackTeam "Nordrhein-Westfalen 1"]

1. e4 c5 2. Nc3 e6 3. f4 d5 4. Nf3 dxe4 5. Nxe4 Nf6 6. Nxf6+ Qxf6 7. g3 Nc6 8.
Bg2 Bd6 9. d3 O-O 10. O-O Bd7 11. Ng5 Bc7 1/2-1/2